| 000 | 01610nam2a22003131 4500 | ||
|---|---|---|---|
| 001 | rc\3179669 | ||
| 005 | 20250530091605.0 | ||
| 021 |
_aRU _b75-94626 |
||
| 021 |
_aRU _b75-94625 |
||
| 021 |
_aRU _b75-94624 |
||
| 021 |
_aRU _b75-94627 |
||
| 021 |
_aRU _bРг665-76 |
||
| 035 | _a(NLR Aleph) 007333448 | ||
| 090 |
_a6033680 _c6033680 |
||
| 100 | _a20120628d1975 |||y0rusy50 ca | ||
| 101 | 0 | _arus | |
| 102 | _aRU | ||
| 105 | _ab z ||||| | ||
| 200 | 0 |
_aВып. 2 _e1972-1973 гг. _f[Ред. Е.С. Змиева, А.И. Субботин]. Ч. 1 |
|
| 210 |
_d1975 _aБ. м. |
||
| 215 |
_a216 с. _cкарт. |
||
| 461 | 0 |
_1001rc\3179666 _12001#$aМатериалы гидрометеорологических наблюдений на полевых и лесных парных водосборах$fГл. упр. гидрометеорол. службы при Совете Министров СССР. Гидрометеорол. науч.-исслед. центр СССР$vВып. 2 _96033653 _cМосква _d1975 _fГл. упр. гидрометеорол. службы при Совете Министров СССР. Гидрометеорол. науч.-исслед. центр СССР _nБ. и. _tМатериалы гидрометеорологических наблюдений на полевых и лесных парных водосборах _vВып. 2 |
|
| 702 | 1 |
_aЗмиева _bЕ.С. _gЕлена Степановна _4340 |
|
| 702 | 1 |
_aСубботин _bА.И. _4340 |
|
| 801 | 0 |
_aRU _bNLR _gpsbo |
|
| 801 | 1 |
_aRU _bELAR _2rusmarc |
|
| 852 |
_aNLR _j75-7/895 |
||
| 942 | _cBOOK | ||
| 980 | _aNB | ||